| 000 | 00446 a2200169 4500 | ||
|---|---|---|---|
| 999 |
_c313677 _d313677 |
||
| 001 | 78604 | ||
| 003 | NUST | ||
| 005 | 20180119125017.0 | ||
| 008 | 180119b xxu||||| |||| 00| 0 eng d | ||
| 082 | _a923.25491 MOI | ||
| 100 |
_aMinistry of Information _99072 |
||
| 245 |
_aZulfikar Ali Bhutto Speeches and statements Vol-II _nVol-II |
||
| 250 | _a2 | ||
| 260 |
_aIslamabad _bMinistry of Information _c2010 |
||
| 300 | _a345p. | ||
| 490 | _vVolume-II | ||
| 500 | _aGeneral Books | ||
| 505 | _aGifted Books | ||
| 942 |
_aNUST CAE _k923.25491 MOI _cBK _2ddc |
||